| 000 | 00669nam a22001937a 4500 | ||
|---|---|---|---|
| 999 |
_c61454 _d61454 |
||
| 005 | 20240315104824.0 | ||
| 008 | 240315s1974 ru ||||| |||| 00| 0 rus d | ||
| 041 | _arus | ||
| 080 | _a902.9 K-73 | ||
| 100 |
_a Котляр, Н.Ф. _921435 |
||
| 245 |
_aКладоискательство и нумизматика / _cН.Ф. Котляр. |
||
| 264 |
_aКиев: _bНаукова думка, _c1974. |
||
| 300 |
_a125 с. : _bил.; _c17 см. |
||
| 440 |
_aнаучно-популярная литература _921436 |
||
| 653 | _aნუმიზმატიკა | ||
| 653 | _aარქეოლოგია | ||
| 653 | _aგანძი | ||
| 942 |
_2udc _cBK |
||